| 000 | 00343nam a2200133Ia 4500 | ||
|---|---|---|---|
| 008 | 240624s9999 xx 000 0 und d | ||
| 041 | _aeng | ||
| 082 | _a891.43 GRE | ||
| 100 | _aGREEN ROBERT | ||
| 245 | _aSHAKTI KE 48 NIYAM | ||
| 260 |
_c2013 _aNew Delhi _bIndiana Publishing House |
||
| 300 | _axii, : 258 : p. : cm. ; 21 | ||
| 365 |
_cRS _b25 |
||
| 999 |
_c28048 _d28048 |
||